| 000 | 00864nam a22002297a 4500 | ||
|---|---|---|---|
| 999 |
_c8832 _d8832 |
||
| 003 | AR-CdUCM | ||
| 008 | 190326b ||||| |||| 00| 0 spa d | ||
| 040 |
_aMUNICIPALIDAD PROVINCIAL DEL CUSCO _cBIBLIOTECA MUNICIPAL DEL CUSCO |
||
| 082 |
_a985.008 / _bW12 |
||
| 100 |
_aWachtel, Nathan _924594 |
||
| 245 |
_aSociedad e ideología : _bensayos de historia y antropología andinas / |
||
| 260 |
_aLima : _bIEP, _c1973. |
||
| 300 |
_a228 páginas ; _c19 cm. |
||
| 440 |
_aHistoria andina _n1 _924595 |
||
| 505 | _aContenido: estructuralismo e historia: a propósito de la organización social del Cuzco -- La reciprocidad del estado inca -- La desestructuración económica y social del mundo andino... | ||
| 650 |
_aIncas. _9303 |
||
| 650 |
_aEconomía. _9382 |
||
| 650 |
_aEstructuras. _919977 |
||
| 650 |
_aSociedad. _953 |
||
| 942 |
_2ddc _cLIBROS |
||
| 945 | _awfj | ||